| 000 | 00823nam a2200205 a 4500 | ||
|---|---|---|---|
| 005 | 20250115094430.0 | ||
| 008 | 020909s2000 fr r 000 0 eng d | ||
| 035 | _aUPN01000118977 | ||
| 049 | _aCG | ||
| 050 | 4 |
_aLC191.8 I4 _bU3.2 |
|
| 100 | 1 | _aUdipi, S. A. | |
| 245 | 1 | 0 |
_aAttacking urban poverty : _bthe role of the SNDT women's University, Mumbai, India : the Gilbert Hill programme / _cS. A. Udipi, M. A. Varghese, M. Kamath. |
| 260 |
_aParís : _bUNESCO, International Institute for Educational Planning, _cc2000. |
||
| 300 |
_a64 p. : _btablas |
||
| 440 | 0 |
_aIIEP research and studies programme. _pStrategies of education and training for disadvantaged groups |
|
| 650 | 4 |
_aEducación _xAspectos sociales _zIndia _914760 |
|
| 700 | 1 |
_aVarghese, M. A., _ecoaut. |
|
| 700 | 1 |
_aKamath, Meenaxi, _ecoaut. |
|
| 905 | _aLibro | ||
| 999 |
_c91338 _d91338 |
||